Modern physics: for B.Sc./M.Sc. students as per syllabi of different Indian universities and also as per UGC model curriculum

I tiakina i:
Ngā taipitopito rārangi puna kōrero
Kaituhi matua: MURUGESHAN, R
Hōputu: Pukapuka
Reo:Ingarihi
I whakaputaina: S. Chand 2013.
Tags: Tāpirihia he Tūtohu
No Tags, Be the first to tag this record!

MARC

LEADER 00000nam a22000007a 4500
008 210122b ||||| |||| 00| 0 eng d
020 |a 81-217-2801-X 
100 |a MURUGESHAN, R 
245 |a Modern physics:  |b for B.Sc./M.Sc. students as per syllabi of different Indian universities and also as per UGC model curriculum  |c R. Murugeshan, Er. Kiruthiga Sivaprasath   |g  xvi; 1040p. 
250 |b 17th ed. 
260 |b S. Chand  |c 2013.  |d Books  |h New Delhi  |i 691698  |i  691699  |l QC23.2 .M96  |m Physics 
942 |a lcc  |c BK  |e Adekanye I. H.  |f 22/01/2021 
952 |0 0  |1 0  |2 lcc  |4 0  |6 QC00232 M96  |7 0  |9 1600  |a HOL  |b SL  |c QZ  |d 2021-01-22  |l 0  |o QC23.2 .M96  |p 2021-0388  |r 2021-01-22 00:00:00  |w 2021-01-22  |y BK 
952 |0 0  |1 0  |2 lcc  |4 0  |6 QC00232 M96  |7 0  |9 1601  |a HOL  |b HOL  |c QZ  |d 2021-01-22  |l 0  |o QC23.2 .M96  |p 2021-0389  |r 2021-01-22 00:00:00  |w 2021-01-22  |y BK 
999 |c 846  |d 846